|
|
|
|
| LEADER |
02736nam a22003973i 4500 |
| 001 |
EBC6955666 |
| 003 |
MiAaPQ |
| 005 |
20231204023222.0 |
| 006 |
m o d | |
| 007 |
cr cnu|||||||| |
| 008 |
231204s2015 xx o ||||0 ger d |
| 020 |
|
|
|a 9783839404065
|q (electronic bk.)
|
| 020 |
|
|
|z 9783899424065
|
| 035 |
|
|
|a (MiAaPQ)EBC6955666
|
| 035 |
|
|
|a (Au-PeEL)EBL6955666
|
| 035 |
|
|
|a (OCoLC)1049913734
|
| 040 |
|
|
|a MiAaPQ
|b eng
|e rda
|e pn
|c MiAaPQ
|d MiAaPQ
|
| 100 |
1 |
|
|a Helms, Dietrich.
|
| 245 |
1 |
0 |
|a Keiner wird gewinnen :
|b Populäre Musik im Wettbewerb.
|
| 250 |
|
|
|a 1st ed.
|
| 264 |
|
1 |
|a Bielefeld :
|b transcript,
|c 2015.
|
| 264 |
|
4 |
|c {copy}2015.
|
| 300 |
|
|
|a 1 online resource (215 pages)
|
| 336 |
|
|
|a text
|b txt
|2 rdacontent
|
| 337 |
|
|
|a computer
|b c
|2 rdamedia
|
| 338 |
|
|
|a online resource
|b cr
|2 rdacarrier
|
| 490 |
1 |
|
|a Beiträge zur Popularmusikforschung
|
| 505 |
0 |
|
|a Cover Keiner wird gewinnen. Populäre Musik im Wettbewerb -- INHALT -- EDITORIAL -- VON MARSYAS BIS KÜBLBÖCK. EINE KLEINE GESCHICHTE UND THEORIE MUSIKALISCHER WETTKÄMPFE -- »τ̔̈2026; UND NUN AN DIE FRONT, DEUTSCHE KAPELLEN, DEUTSCHE MUSIKER!« INFORMATIONEN UND ÜBERLEGUNGEN ZU WETTBEWERBEN IN DER POPULÄREN MUSIKSZENE AUS DER ZEIT VOR DEM 2. WELTKRIEG -- »MACHTS EIN EIGENES LAGERLIED…« - LIEDWETTBEWERBE IM KZ -- DAS TV-FESTIVAL ALS BÜHNE DES PROTESTS UND DER INNOVATION. DIE BRASILIANISCHEN MUSIKFESTIVALS 1965-1972 -- MUSIKWETTBEWERB VS. WETTBEWERBSMUSIK - DAS DILEMMA DES EUROVISION SONG CONTESTS -- KEINER DARF GEWINNEN - POTENZIALE EINER EFFEKTIVEN MEDIENKRITIK NEUER TV-CASTINGSHOWS -- HIT-RECYCLING: CASTING-SHOWS UND DIE WETTBEWERBSSTRATEGIE »COVERVERSION« -- DER GUTE TON, ODER: DIE FUNKTION DANIEL KÜBLBÖCKS IM STAR-SYSTEM VON DEUTSCHLAND SUCHT DEN SUPERSTAR UND IM ÖFFENTLICHEN DISKURS -- MUSIKSTARS IN DER WAHRNEHMUNG JUGENDLICHER TV-CASTINGSHOW-REZIPIENTEN. EINE EMPIRISCHE UNTERSUCHUNG -- DIE WERTUNGSKRITERIEN DER DEUTSCHLAND SUCHT DEN SUPERSTAR-JURY VOR DEM HINTERGRUND SOZIALER MILIEUS UND KULTURINDUSTRIELLER STRATEGIEN -- ZU DEN AUTOREN.
|
| 588 |
|
|
|a Description based on publisher supplied metadata and other sources.
|
| 590 |
|
|
|a Electronic reproduction. Ann Arbor, Michigan : ProQuest Ebook Central, 2023. Available via World Wide Web. Access may be limited to ProQuest Ebook Central affiliated libraries.
|
| 655 |
|
4 |
|a Electronic books.
|
| 700 |
1 |
|
|a (verst.), Thomas Phleps.
|
| 776 |
0 |
8 |
|i Print version:
|a Helms, Dietrich
|t Keiner wird gewinnen
|d Bielefeld : transcript,c2015
|z 9783899424065
|
| 797 |
2 |
|
|a ProQuest (Firm)
|
| 830 |
|
0 |
|a Beiträge zur Popularmusikforschung
|
| 856 |
4 |
0 |
|u https://ebookcentral.proquest.com/lib/matrademy/detail.action?docID=6955666
|z Click to View
|